000 00338nam a22001217a 4500
008 230626b xxu||||| |||| 00| 0 eng d
082 _a332.46
_bCBK
100 _cCentral Bank of Kenya
245 _aThe First monetary Policy Statement
_bIssued under the central Bank of Kenya Act
260 _bCBK
_c1997
300 _a13p
942 _2ddc
_cBK
999 _c2724
_d2724